Comuni della Provincia di Lucca (con mappa) - Statistics

Statistiche generali
  • Questo quiz è stato fatto 52 volte
  • Il punteggio medio è 14 su 33
Risposte nella Mappa
Le risposte nella mappa del quiz sottostante sono codificate secondo una scala di colori dal rosso al verde in base alla % di persone che hanno risposto correttamente.
 
Statistiche sulle risposte
Risposta % Corretto
Lucca
100%
Forte dei Marmi
91%
Viareggio
91%
Camaiore
86%
Capannori
77%
Pietrasanta
73%
Bagni di Lucca
59%
Massarosa
59%
Porcari
59%
Altopascio
55%
Barga
50%
Castelnuovo di Garfagnana
50%
Seravezza
45%
Stazzema
45%
Borgo a Mozzano
32%
Montecarlo
32%
Piazza al Serchio
32%
Careggine
27%
Vagli Sotto
27%
Castiglione di Garfagnana
23%
Gallicano
23%
Molazzana
23%
Pescaglia
23%
Camporgiano
18%
Coreglia Antelminelli
18%
Fabbriche di Vergemoli
18%
Fosciandora
18%
Minucciano
18%
Pieve Fosciana
18%
San Romano in Garfagnana
18%
Sillano Giuncugnano
18%
Villa Basilica
14%
Villa Collemandina
14%
Nessun quiz corrispondente trovato
Distribuzione punteggi
Percentuale di utenti per punteggio
Percentile per numero di risposta
I tuoi punteggi nel tempo
Non hai fatto questo quiz